| 000 | 00564 a2200205 4500 | ||
|---|---|---|---|
| 005 | 20260127102735.0 | ||
| 008 | 260122b |||||||| |||| 00| 0 eng d | ||
| 020 |
_a9783031452925 _c£ 64.99 |
||
| 040 | _aMAIN | ||
| 082 |
_a570.285 _bC868I |
||
| 100 | _aChristensen, Henrik | ||
| 245 | _aIntroduction to bioinformatics in microbiology: Learning materials iosciences | ||
| 250 | _a2nd | ||
| 260 |
_bSpringer _c2023 _aSwitzerland |
||
| 300 | _axvi, 246 | ||
| 650 | _aBioinformatics | ||
| 650 | _aBiological Research | ||
| 650 | _aMicrobiolog | ||
| 942 | _cBK | ||
| 999 |
_c394923 _d394923 |
||